000 00386nam a22001577a 4500
005 20200529114931.0
008 200529b xxu||||| |||| 00| 0 eng d
041 _aeng
082 _a340
100 _aBARE ACT
_95744
245 _aTHE PROVINCIAL INSOLVENCY ACT, 1920 (5-1920)
260 _aDELHI
_bPROFESSIONAL BOOK PUBLISHERS
300 _a40; p
650 _aLAW
_95701
942 _cBK
999 _c6611
_d6609